Montrö sözleşmesi: (Record no. 15173)

MARC details
000 -BAŞLIK
Sabit Uzunlukta Kontrol Alanı 00839nam a22002417a 4500
999 ## - SİSTEM KONTROL NUMARALARI (KOHA)
Koha Biblionumber 15173
Koha Biblioitemnumber 15173
003 - KONTROL NUMARASI IDENTIFIER
Denetim Alanı MIRAKIL
005 - SON İŞLEM TARİHİ VE ZAMANI
Denetim Alanı 20230222171002.0
008 - SABİT-BOY VERİ ELEMANLARI - GENEL BİLGİLER
Sabit Uzunlukta Kontrol Alanı 230222b tu ||||| |||| 00| 0 tur d
020 ## - ULUSLARARASI STANDART KİTAP NUMARASI
Uluslararası Standart Kitap Numarası 975882516
040 ## - KATALOGLAMA KAYNAK
Orijinal Kataloglama Ajansı TR-AnCHP
Kataloglama Dili tur
Metne Dönüştürmek Ajansı TR-AnCHP
041 ## - DİL KODU
Metin / Ses Parça Veya Ayrı Başlığın Dil Kodu tur
082 ## - DEWEY ONLU SINIFLANDIRMA NUMARASI
Sınıflandırma Numarası 956.1024
Ürün Numarası M86m 2006.
100 ## - ANA GİRİŞ - KİŞİSEL İSİM
Kişisel Ad Kurumahmut, Ali
245 ## - BAŞLIK TABLOSU
Başlık Montrö sözleşmesi:
Başlığın Kalan Türk boğazları ve karadeniz/
Sorumluluk Tablosu, Vb Ali Kurumahmut.
246 ## - UNVAN FORM VARYING
Başlık Doğru / Kısa Başlığı Türk boğazları ve karadeniz
260 ## - YAYIN, DAĞITIM, VB
Yayın, Dağıtım, Vb Yeri İstanbul:
Yayıncı, Dağıtıcı, Vs Adı Türk Deniz Araştırmaları Vakfı,
Yayın, Dağıtım, Vb Tarihi 2006.
300 ## - FİZİKSEL TANIM
Kapsam 163 s.:
Diğer Fiziksel Ayrıntıları tbl.; hrt.;
Boyutlar 24 sm.
490 0# - SERİSİ TABLOSU
Seri Beyanı Türk Deniz Araştırmaları Vakfı;
Hacim / Ardışık Tanımı yayın no: 26.
504 ## - KAYNAKÇA VB NOT
Kaynakça Vb Notu Kaynakça vardır.
650 #0 - KONU KATMA GİRİŞ - TOPİKAL DÖNEM
9 (RLIN) 5
Topikal Süreli Veya Coğrafi Ad Giriş Elemanı Türkiye
Genel Alt Bölümü Tarih
-- Montrö Boğazlar Sözleşmesi
Kronolojik Alt Bölümü 1936
650 #0 - KONU KATMA GİRİŞ - TOPİKAL DÖNEM
9 (RLIN) 4
Topikal Süreli Veya Coğrafi Ad Giriş Elemanı Türkiye
Genel Alt Bölümü Uluslararası ilişkiler
-- Boğazlar sorunu
942 ## - EKLENDİ GİRİŞ ELEMANLARI (KOHA)
Sınıflandırma Veya Raf Düzeni Kaynak Dewey Decimal Classification
Koha Öğesi Türü Books
Holdings
Kalıcı Konum Mevcut Konum Edinme Tarihi Toplam Check-Out'Lar Tam Çağrı Numarası Barkod Tarih Son Görülme İtibaren Geçerli Fiyatlar Koha Öğesi Türü
CHP Kütüphanesi CHP Kütüphanesi 02/22/2023   956.1024 M86m 2006. 020747 02/22/2023 02/22/2023 Books